[Event "Titled Tuesday intern op 25th Apr Early"]
[Site "Chess.com INT"]
[Date "2023.04.25"]
[Round "5"]
[White "Amitpal, Singh"]
[Black "Womacka, Mathias"]
[Result "0-1"]
[WhiteElo "2144"]
[BlackElo "2396"]
[PlyCount "104"]
[EventDate "2023.04.25"]
[EventType "swiss (blitz)"]
[EventRounds "11"]
[EventCountry "USA"]
[SourceTitle "EXT 2024"]
[Source "ChessBase"]
[SourceDate "2023.10.10"]
[SourceVersion "1"]
[SourceVersionDate "2023.10.10"]
[SourceQuality "1"]

1. e4 c5 2. Nc3 Nc6 3. Bb5 Nd4 4. Nf3 Nxb5 5. Nxb5 d6 6. 0-0 Nf6 7. Re1 a6 8. Nc3 g6 9. d4 cxd4 10. Qxd4 Bg7 11. e5 Nd7 12. Bf4 dxe5 13. Bxe5 Nxe5 14. Qxd8+ Kxd8 15. Nxe5 Be6 16. Rad1+ Kc7 17. Nd5+ Bxd5 18. Rxd5 Bxe5 19. Rexe5 e6 20. Rc5+ Kd6 21. f4 Rhc8 22. Rxc8 Rxc8 23. c3 Rc4 24. g3 b5 25. a3 Rc5 26. Re2 Rd5 27. Kf2 Rd1 28. Ke3 Kd5 29. Rd2+ Rxd2 30. Kxd2 Ke4 31. b3 h5 32. Ke2 f6 33. Kd2 h4 34. Ke2 h3 35. Kd2 e5 36. fxe5 fxe5 37. Ke2 a5 38. Kd2 Kf3 39. c4 bxc4 40. bxc4 e4 41. Ke1 Kg2 42. c5 Kxh2 43. c6 Kxg3 44. c7 h2 45. c8Q h1Q+ 46. Ke2 Qf3+ 47. Kd2 Qxa3 48. Qc7+ Kg2 49. Qc6 Qd3+ 50. Ke1 g5 51. Qf6 Qe3+ 52. Kd1 g4 0-1

[Event "Titled Tuesday intern op 25th Apr Early"]
[Site "Chess.com INT"]
[Date "2023.04.25"]
[Round "6"]
[White "Castillo Pena, Patricia Evarista"]
[Black "Amitpal, Singh"]
[Result "1-0"]
[WhiteElo "1784"]
[BlackElo "2144"]
[PlyCount "51"]
[EventDate "2023.04.25"]
[EventType "swiss (blitz)"]
[EventRounds "11"]
[EventCountry "USA"]
[SourceTitle "EXT 2024"]
[Source "ChessBase"]
[SourceDate "2023.10.10"]
[SourceVersion "1"]
[SourceVersionDate "2023.10.10"]
[SourceQuality "1"]

1. d4 Nf6 2. Nf3 e6 3. e3 d5 4. Bd3 Bd6 5. 0-0 c5 6. b3 Nc6 7. Bb2 cxd4 8. exd4 Qb6 9. Nbd2 Nb4 10. Be2 Qc7 11. c3 Nc6 12. Bd3 e5 13. dxe5 Nxe5 14. Nxe5 Bxe5 15. Nf3 Bg4 16. Re1 Bxf3 17. Qxf3 0-0 18. h3 Rfe8 19. Rac1 Bd6 20. c4 Rxe1+ 21. Rxe1 dxc4 22. Bxc4 Be7 23. Qf5 Qc5 24. Qf3 Qh5 25. Qxh5 Nxh5 26. Rxe7 1-0

[Event "Arandjelovac ASK-6 IM"]
[Site "Arandjelovac"]
[Date "2022.02.23"]
[Round "4"]
[White "Stankovic, Boris"]
[Black "Amitpal, Singh"]
[Result "1/2-1/2"]
[WhiteElo "2376"]
[BlackElo "2102"]
[PlyCount "69"]
[EventDate "2022.02.21"]
[EventType "swiss"]
[EventRounds "9"]
[EventCountry "SRB"]
[SourceTitle "CBM 207 Extra"]
[Source "ChessBase"]
[SourceDate "2022.05.31"]
[SourceVersion "1"]
[SourceVersionDate "2022.05.31"]
[SourceQuality "1"]

1. e4 c5 2. Nf3 d6 3. d4 cxd4 4. Nxd4 Nf6 5. Nc3 a6 6. Bg5 e6 7. f4 Be7 8. Qf3 Qc7 9. 0-0-0 Nbd7 10. Bd3 b5 11. Rhe1 Bb7 12. Qg3 b4 13. Nd5 exd5 14. exd5 Kd8 15. Nc6+ Bxc6 16. dxc6 Qxc6 17. Bxf6 Nxf6 18. Qxg7 Re8 19. Qxf7 Ra7 20. Rxe7 Raxe7 21. Qxf6 Kc7 22. Qd4 Qb6 23. Qxb6+ Kxb6 24. Kd2 a5 25. Rf1 Rg7 26. g3 h5 27. Be2 Rh7 28. Rf3 Kc5 29. Rd3 d5 30. c3 Rd8 31. Ke3 Re7+ 32. Kf2 h4 33. Bf3 Kc4 34. Rd4+ Kc5 35. Rd3 1/2-1/2

[Event "Arandjelovac ASK-5 IM"]
[Site "Arandjelovac"]
[Date "2022.02.19"]
[Round "8.9"]
[White "Amitpal, Singh"]
[Black "Yonal, Timur"]
[Result "0-1"]
[WhiteElo "2102"]
[BlackElo "1936"]
[PlyCount "66"]
[EventDate "2022.02.14"]
[EventType "swiss"]
[EventRounds "9"]
[EventCountry "SRB"]
[SourceTitle "CBM 206 Extra"]
[Source "ChessBase"]
[SourceDate "2022.03.31"]
[SourceVersion "1"]
[SourceVersionDate "2022.03.31"]
[SourceQuality "1"]

1. e4 c5 2. Nf3 d6 3. d4 cxd4 4. Nxd4 Nf6 5. Nc3 a6 6. Bg5 e6 7. f4 Nbd7 8. Bc4 Qc7 9. Qe2 b5 10. Bb3 Nc5 11. 0-0-0 Nxb3+ 12. axb3 Be7 13. e5 dxe5 14. fxe5 Nd5 15. Bxe7 Nxc3 16. bxc3 Qxe7 17. Kb2 Bb7 18. Nxb5 axb5 19. Qxb5+ Kf8 20. b4 Bd5 21. c4 Bc6 22. Qb6 g6 23. Rd6 Ba4 24. b5 Kg7 25. Ra1 Qg5 26. Qd4 Rhc8 27. g3 Qf5 28. Rc1 Rab8 29. g4 Qf3 30. Qd3 Qf4 31. Rd4 Qxe5 32. c3 Qxh2+ 33. Ka3 Ra8 0-1

[Event "Arandjelovac ASK-5 IM"]
[Site "Arandjelovac"]
[Date "2022.02.18"]
[Round "7.6"]
[White "Amitpal, Singh"]
[Black "Mahitosh, Dey"]
[Result "1/2-1/2"]
[WhiteElo "2102"]
[BlackElo "2176"]
[PlyCount "39"]
[EventDate "2022.02.14"]
[EventType "swiss"]
[EventRounds "9"]
[EventCountry "SRB"]
[SourceTitle "CBM 206 Extra"]
[Source "ChessBase"]
[SourceDate "2022.03.31"]
[SourceVersion "1"]
[SourceVersionDate "2022.03.31"]
[SourceQuality "1"]

1. e4 e5 2. Bc4 Nf6 3. d3 c6 4. Nf3 d5 5. Bb3 Bd6 6. Nc3 d4 7. Ne2 Nbd7 8. c3 dxc3 9. bxc3 Nc5 10. Bc2 Bg4 11. Ng3 Qa5 12. Bd2 0-0-0 13. h3 Bxf3 14. Qxf3 Ne6 15. Nf5 Ba3 16. Nxg7 Nxe4 17. dxe4 Nxg7 18. Qxf7 Rd7 19. Qb3 Bc5 20. 0-0-0 1/2-1/2

[Event "Arandjelovac ASK-5 IM"]
[Site "Arandjelovac"]
[Date "2022.02.17"]
[Round "5.6"]
[White "Stanojevic, Ilija"]
[Black "Amitpal, Singh"]
[Result "1-0"]
[WhiteElo "2155"]
[BlackElo "2102"]
[PlyCount "89"]
[EventDate "2022.02.14"]
[EventType "swiss"]
[EventRounds "9"]
[EventCountry "SRB"]
[SourceTitle "CBM 206 Extra"]
[Source "ChessBase"]
[SourceDate "2022.03.31"]
[SourceVersion "1"]
[SourceVersionDate "2022.03.31"]
[SourceQuality "1"]

1. d4 Nf6 2. Nc3 d5 3. Bf4 c5 4. e3 a6 5. dxc5 Nc6 6. Nf3 Bg4 7. a3 e5 8. Bg5 d4 9. Ne4 Be7 10. Bxf6 gxf6 11. b4 f5 12. Ng3 dxe3 13. Qxd8+ Rxd8 14. fxe3 e4 15. h3 Bf6 16. Nd4 Nxd4 17. exd4 Bxd4 18. Rc1 Bc3+ 19. Kf2 Bd4+ 20. Ke1 Bc3+ 21. Kf2 e3+ 22. Kg1 Rd1 23. Rxd1 Bxd1 24. Bd3 f4 25. Ne4 Be5 26. Kf1 Rg8 27. Nd6+ Ke7 28. Bxh7 f3 29. Nf5+ Ke6 30. Nxe3 Be2+ 31. Ke1 Bg3+ 32. Kd2 Rd8+ 33. Bd3 fxg2 34. Nxg2 Bf3 35. Rg1 Rh8 36. Ne3 Be5 37. Rf1 Bh5 38. Bc4+ Ke7 39. Nd5+ Kd8 40. Nf4 f6 41. Nxh5 Rxh5 42. Be6 Rg5 43. Bg4 Kc7 44. a4 Rg8 45. Rf3 1-0

[Event "Arandjelovac ASK-4 IM"]
[Site "Arandjelovac"]
[Date "2022.02.12"]
[Round "8"]
[White "Amitpal, Singh"]
[Black "Andreev, Konstantin1"]
[Result "1-0"]
[WhiteElo "2102"]
[BlackElo "2147"]
[PlyCount "77"]
[EventDate "2022.02.07"]
[EventType "swiss"]
[EventRounds "9"]
[EventCountry "SRB"]
[SourceTitle "CBM 206 Extra"]
[Source "ChessBase"]
[SourceDate "2022.03.31"]
[SourceVersion "1"]
[SourceVersionDate "2022.03.31"]
[SourceQuality "1"]

1. e4 c5 2. Nf3 Nc6 3. d4 cxd4 4. Nxd4 Nf6 5. Nc3 e5 6. Ndb5 d6 7. Nd5 Nxd5 8. exd5 Nb8 9. c4 a6 10. Nc3 Be7 11. Bd3 0-0 12. 0-0 f5 13. f3 Nd7 14. Kh1 Bg5 15. a3 Bxc1 16. Rxc1 e4 17. fxe4 f4 18. Ne2 Qh4 19. Nd4 Nf6 20. Qe1 Qh6 21. Nf3 g5 22. e5 Ng4 23. e6 Ne3 24. Rg1 b5 25. g3 g4 26. gxf4 Qxf4 27. Nd2 bxc4 28. Rxc4 Nxc4 29. Qh4 Ra7 30. Rxg4+ Qxg4 31. Qxg4+ Rg7 32. Qxc4 Bb7 33. Be4 Rc8 34. Qf1 Rf8 35. Nf3 Rf4 36. Qd3 Rgg4 37. Bxh7+ Kf8 38. Bf5 Rd4 39. Qxd4 1-0

[Event "Arandjelovac ASK-4 IM"]
[Site "Arandjelovac"]
[Date "2022.02.08"]
[Round "3"]
[White "Amitpal, Singh"]
[Black "Zverev, Lev"]
[Result "0-1"]
[WhiteElo "2102"]
[BlackElo "2202"]
[PlyCount "98"]
[EventDate "2022.02.07"]
[EventType "swiss"]
[EventRounds "9"]
[EventCountry "SRB"]
[SourceTitle "CBM 206 Extra"]
[Source "ChessBase"]
[SourceDate "2022.03.31"]
[SourceVersion "1"]
[SourceVersionDate "2022.03.31"]
[SourceQuality "1"]

1. e4 e5 2. Nf3 Nc6 3. Bc4 Bc5 4. c3 Nf6 5. d4 exd4 6. e5 d5 7. Bb5 Ne4 8. cxd4 Bb6 9. 0-0 0-0 10. Be3 f6 11. exf6 Nxf6 12. Bxc6 bxc6 13. Qc2 Qd6 14. Rc1 Bb7 15. Nbd2 Ng4 16. Nf1 h6 17. a4 a5 18. h3 Nxe3 19. fxe3 Rae8 20. Ra3 Rf6 21. N1h2 Bc8 22. Rc3 Bd7 23. Qf2 Ref8 24. Ng4 Re6 25. Nge5 Rxe5 26. dxe5 Qg6 27. Kh2 Qe4 28. Qc2 Qb4 29. Qb3 Rxf3 30. Qxb4 axb4 31. gxf3 bxc3 32. Rxc3 Kf7 33. b4 Ke6 34. a5 Ba7 35. f4 Kf5 36. b5 c5 37. Rd3 Ke4 38. Rb3 c4 39. b6 cxb6 40. axb6 cxb3 41. bxa7 Bc6 42. e6 b2 43. e7 b1Q 44. e8Q+ Bxe8 45. a8Q Bf7 46. Kg2 Qd1 47. Qc8 Qe2+ 48. Kh1 Bh5 49. Qe6+ Kf3 0-1

[Event "Titled Tuesday intern op 10th Aug"]
[Site "Chess.com INT"]
[Date "2021.08.10"]
[Round "1"]
[White "Taboas Rodriguez, Daniel"]
[Black "Amitpal, Singh"]
[Result "1-0"]
[WhiteElo "2367"]
[BlackElo "2102"]
[PlyCount "149"]
[EventDate "2021.08.10"]
[EventType "swiss (blitz)"]
[EventRounds "11"]
[EventCountry "USA"]
[SourceTitle "CBM 203 Extra"]
[Source "ChessBase"]
[SourceDate "2021.09.30"]
[SourceVersion "1"]
[SourceVersionDate "2021.09.30"]
[SourceQuality "1"]

1. d4 Nf6 2. Nf3 g6 3. c4 Bg7 4. Nc3 0-0 5. e4 d6 6. Be2 e5 7. dxe5 dxe5 8. Qxd8 Rxd8 9. Bg5 Re8 10. Nd5 Nxd5 11. cxd5 c6 12. Bc4 b5 13. Bb3 c5 14. a4 c4 15. Bd1 b4 16. Rc1 Ba6 17. Nd2 Rc8 18. Bg4 f5 19. exf5 c3 20. bxc3 bxc3 21. Ne4 Rc4 22. f3 Nd7 23. f6 Rxe4+ 24. fxe4 Nxf6 25. Bxf6 Bxf6 26. Rxc3 Rb8 27. Kf2 Rb2+ 28. Kg3 Bg5 29. d6 h5 30. Be6+ Kg7 31. d7 Rd2 32. Rhc1 Rd6 33. Rc6 Rd3+ 34. Kf2 Be3+ 35. Ke1 Bd2+ 36. Kd1 Ba5+ 37. Kc2 Rd2+ 38. Kb3 Be2 39. Rc8 Bd1+ 40. Kc4 Rd4+ 41. Kb5 Bb6 42. Rxd1 Rxd1 43. a5 Rb1+ 44. Ka6 Ra1 45. d8Q Bxd8 46. Rxd8 Re1 47. Bd5 Re2 48. Kxa7 Rxg2 49. a6 Rxh2 50. Kb6 Rb2+ 51. Kc7 Rc2+ 52. Kd6 Rc1 53. a7 Ra1 54. a8Q Rxa8 55. Rxa8 Kh6 56. Kxe5 Kg5 57. Rg8 h4 58. Bf7 h3 59. Rxg6+ Kh4 60. Rh6+ Kg3 61. Be6 h2 62. Rxh2 Kxh2 63. Kf6 Kg3 64. e5 Kf4 65. Bf5 Ke3 66. e6 Kd4 67. e7 Kd5 68. e8Q Kd6 69. Qd7+ Kc5 70. Ke5 Kb6 71. Qc8 Ka5 72. Qb7 Ka4 73. Kd4 Ka3 74. Kc3 Ka2 75. Qb2# 1-0

[Event "Titled Tuesday intern op 10th Aug"]
[Site "Chess.com INT"]
[Date "2021.08.10"]
[Round "2"]
[White "Williams, Simon Kim"]
[Black "Amitpal, Singh"]
[Result "0-1"]
[WhiteElo "2464"]
[BlackElo "2102"]
[PlyCount "121"]
[EventDate "2021.08.10"]
[EventType "swiss (blitz)"]
[EventRounds "11"]
[EventCountry "USA"]
[SourceTitle "CBM 203 Extra"]
[Source "ChessBase"]
[SourceDate "2021.09.30"]
[SourceVersion "1"]
[SourceVersionDate "2021.09.30"]
[SourceQuality "1"]

1. d4 Nf6 2. Bg5 c5 3. d5 d6 4. Nc3 Qb6 5. e4 Qxb2 6. Bd2 Qb6 7. f4 e5 8. Nf3 Nbd7 9. Rb1 Qd8 10. Bd3 Be7 11. 0-0 0-0 12. f5 a6 13. a4 c4 14. Bxc4 Nc5 15. Bd3 Bd7 16. h3 Rb8 17. g4 h6 18. Kh2 Nxa4 19. Nxa4 Bxa4 20. Rg1 Nh7 21. Qc1 Ng5 22. Ne1 Nh7 23. Be3 Bg5 24. Nf3 b5 25. Nxg5 hxg5 26. Kg3 f6 27. Rh1 Kf7 28. h4 gxh4+ 29. Rxh4 Rh8 30. Qd2 Ng5 31. Rbh1 Rxh4 32. Rxh4 b4 33. Rh5 b3 34. cxb3 Rxb3 35. Bxg5 fxg5 36. Rxg5 Rxd3+ 37. Qxd3 Qxg5 38. Qxa6 Qf4+ 39. Kh3 Bd1 40. Qb7+ Kf6 41. Qd7 Bxg4+ 42. Kg2 Qxe4+ 43. Kg1 Qd4+ 44. Kg2 Qxd5+ 45. Kg3 Bxf5 46. Qd8+ Kg6 47. Qe8+ Qf7 48. Qc6 Qf6 49. Qa8 Kg5 50. Qh1 Kg6 51. Qa8 Qg5+ 52. Kf2 Qf4+ 53. Kg1 Qe3+ 54. Kh2 Be4 55. Qe8+ Kf6 56. Qf8+ Kg6 57. Qe8+ Kh6 58. Qh8+ Bh7 59. Qd8 Qf4+ 60. Kh3 e4 61. Qxd6+ 0-1

[Event "IND-chT 33rd"]
[Site "Hyderabad"]
[Date "2013.02.25"]
[Round "8.5"]
[White "Vignesh, NR."]
[Black "Amitpal, Singh"]
[Result "1-0"]
[WhiteElo "2236"]
[BlackElo "2195"]
[PlyCount "55"]
[EventDate "2013.02.20"]
[EventType "team-swiss"]
[EventRounds "9"]
[EventCountry "IND"]
[SourceTitle "CBM 153 Extra"]
[Source "ChessBase"]
[SourceDate "2013.04.22"]
[SourceVersion "1"]
[SourceVersionDate "2013.04.22"]
[SourceQuality "1"]
[WhiteTeam "Tamil Nadu"]
[BlackTeam "Maestro CA"]
[WhiteTeamCountry "IND"]
[BlackTeamCountry "IND"]

1. e4 c5 2. Nf3 e6 3. d4 cxd4 4. Nxd4 a6 5. Bd3 Nf6 6. 0-0 d6 7. Qe2 Qc7 8. c4 b6 9. Nc3 Be7 10. Be3 Bb7 11. Rac1 Nbd7 12. f3 0-0 13. Rfd1 Rac8 14. Qf2 Qb8 15. Bf1 Rfe8 16. a3 Bd8 17. b4 Ne5 18. Nb3 d5 19. exd5 exd5 20. Nxd5 Bxd5 21. cxd5 Neg4 22. fxg4 Nxg4 23. Bf4 Rxc1 24. Rxc1 Nxf2 25. Bxb8 Bg5 26. Kxf2 Bxc1 27. Nxc1 Rxb8 28. Bxa6 1-0